| 000 | 01004nam a2200229 a 4500 | ||
|---|---|---|---|
| 003 | BD-RjUL | ||
| 005 | 20220828140021.0 | ||
| 008 | 220828s2015 bg a|||| m||| 00| 0 eng d | ||
| 035 | _a(BD-RjUL) | ||
| 040 |
_aBD-RjUL _beng _cBD-RjUL _dBD-RjUL |
||
| 041 | _aeng | ||
| 082 |
_223 _a658.4038 _bHOC 2015 |
||
| 100 |
_aHossain, Md. Mahabbat _94520 |
||
| 245 | 1 | 0 |
_aCorporate Goverance and Intellectual Capital Reporeting in Corporate Annual Reports of Emerging Economies: _bAn Emperical Investigation of Listed Companies in Bangladesh / _cBy Md. Mahabbat Hossain _6Supervisor : Md. Akhtar Uddin |
| 260 |
_aRajshahi : _bInstitute of Business Administration, University of Rajshahi, _c2015 |
||
| 300 |
_aVarious leaves : _bill.; _c29 cm. |
||
| 502 | _aThesis ( Ph.D.)-- Institute of Business Administration, University of Rajshahi, 2015 | ||
| 504 | _aBibliography : leaves 8-13-8-32 | ||
| 650 |
_antellectual capital _xManagement _94521 |
||
| 700 |
_aUddin, Md. Akhtar, Supervisor _94029 |
||
| 942 |
_2ddc _cTHE |
||
| 999 |
_c80251 _d80251 |
||